[Event "COL-ch U17 Girls"]
[Site "Pereira"]
[Date "2017.11.30"]
[Round "1.3"]
[White "Florez Ramirez, Luisa Maria"]
[Black "Pinillo Canon, Silvana"]
[Result "0-1"]
[WhiteElo "1521"]
[BlackElo "1613"]
[PlyCount "78"]
[EventDate "2017.11.30"]
[EventType "swiss"]
[EventRounds "5"]
[EventCountry "COL"]
[SourceTitle "EXT 2024"]
[Source "ChessBase"]
[SourceDate "2023.10.10"]
[SourceVersion "1"]
[SourceVersionDate "2023.10.10"]
[SourceQuality "1"]

1. e4 e5 2. Nf3 Nc6 3. Bc4 Bc5 4. 0-0 Nf6 5. d3 h6 6. Nc3 0-0 7. Nh4 d6 8. Qf3 Na5 9. Qg3 Nh5 10. Qg6 Qxh4 11. Bxh6 Nxc4 12. Qg5 Qxg5 13. Bxg5 Na5 14. Nd5 Bb6 15. Ne7+ Kh7 16. Rfe1 Be6 17. Nf5 f6 18. Be3 Bxe3 19. Rxe3 Nf4 20. Rf3 Nc6 21. c3 Rad8 22. Rg3 Bxf5 23. exf5 Ne2+ 24. Kh1 Nxg3+ 25. hxg3 Rfe8 26. Kh2 d5 27. Rh1 d4 28. Kg1+ Kg8 29. cxd4 Rxd4 30. Kf1 Rxd3 31. Ke2 Red8 32. g4 Rd2+ 33. Kf3 R8d3+ 34. Ke4 Nb4 35. Rh3 Rd4+ 36. Ke3 Nd5+ 37. Kf3 R2d3+ 38. Ke2 Nf4+ 39. Ke1 Rd1# 0-1